Normal view
MARC view
Entry Personal Name
001 - CONTROL NUMBER
- control field: 167733
003 - CONTROL NUMBER IDENTIFIER
- control field: OSt
005 - DATE AND TIME OF LATEST TRANSACTION
- control field: 20220923224016.0
008 - FIXED-LENGTH DATA ELEMENTS
- fixed length control field: 220923|| aca||aabn | a|a d
040 ## - CATALOGING SOURCE
- Original cataloging agency: OSt
- Transcribing agency: OSt
100 ## - HEADING--PERSONAL NAME
- Personal name: मजुमदार, समरेश; झा, राजानन्द, अनु
670 ## - SOURCE DATA FOUND
- Source citation: Work cat.: (OSt)368654: मजुमदार, समरेश; झा, राजानन्द, अनु., काल बेला, 2003
